Kerana Aku Bukan Pilihan : (Record no. 201383)

MARC details
000 -LEADER
fixed length control field 00892nam a2200265 i 4500
005 - DATE AND TIME OF LATEST TRANSACTION
control field 20251030154546.0
008 - FIXED-LENGTH DATA ELEMENTS--GENERAL INFORMATION
fixed length control field 251030t20242024my er 000 f may d
020 ## - INTERNATIONAL STANDARD BOOK NUMBER
International Standard Book Number 9786299888635
Terms of availability RM40.00
Qualifying information paperback
040 ## - CATALOGING SOURCE
Original cataloging agency PPAK
Language of cataloging eng
Transcribing agency PPAK
Description conventions rda
082 04 - DEWEY DECIMAL CLASSIFICATION NUMBER
Edition number 23
Classification number 899.2333
090 00 - LOCALLY ASSIGNED LC-TYPE CALL NUMBER (OCLC); LOCAL CALL NUMBER (RLIN)
Classification number (OCLC) (R) ; Classification number, CALL (RLIN) (NR) 899.2333
Feature heading SYA
Feature heading G
100 0# - MAIN ENTRY--PERSONAL NAME
Personal name Syaf Asriqa,
Relator term author.
245 10 - TITLE STATEMENT
Title Kerana Aku Bukan Pilihan :
Remainder of title Hanya kau cinta matiku /
Statement of responsibility, etc. SYAF ASRIQA ; Penyunting: Cik Ainul Tajul & Puan Haanim Mustafa
264 #1 - PRODUCTION, PUBLICATION, DISTRIBUTION, MANUFACTURE, AND COPYRIGHT NOTICE
Place of production, publication, distribution, manufacture Skudai, Johor :
Name of producer, publisher, distributor, manufacturer Ink Loaf Publication,
Date of production, publication, distribution, manufacture, or copyright notice 2024
Date of production, publication, distribution, manufacture, or copyright notice ©2024
300 ## - PHYSICAL DESCRIPTION
Extent 510 pages ;
Dimensions 21 cm
336 ## - CONTENT TYPE
Content type term text
Source rdacontent
337 ## - MEDIA TYPE
Media type term unmediated
Source rdamedia
338 ## - CARRIER TYPE
Carrier type term volume
Source rdacarrier
650 10 - SUBJECT ADDED ENTRY--TOPICAL TERM
Topical term or geographic name entry element Malay fiction
Topical term or geographic name entry element Malaysian fiction (Malay)
700 0# - ADDED ENTRY--PERSONAL NAME
Personal name Ainul Tajul,
Titles and other words associated with a name Cik,
Relator term editor.
Personal name Haanim Mustafa,
Titles and other words associated with a name Puan,
Relator term editor.
942 ## - ADDED ENTRY ELEMENTS (KOHA)
Source of classification or shelving scheme Dewey Decimal Classification
Koha item type Book
Holdings
Withdrawn Not for loan Current library Shelving location Date acquired Total Checkouts Total Renewals Full call number Barcode Date last seen Date last checked out Koha item type
    Perpustakaan Alor Setar Pinjaman Dewasa 04/11/2025 1 1 899.2333 SYA A01889933 18/01/2026 08/12/2025 Book
    Perpustakaan Awam Sungai Petani Pinjaman Dewasa 04/11/2025     899.2333 SYA A01889934 04/11/2025   Book
    Perpustakaan Baling Pinjaman Dewasa 04/11/2025     899.2333 SYA A01889938 04/11/2025   Book
    Perpustakaan Bandar Baharu Pinjaman Dewasa 04/11/2025     899.2333 SYA A01889939 04/11/2025   Book
    Perpustakaan Jitra Pinjaman Dewasa 04/11/2025     899.2333 SYA A01889935 04/11/2025   Book
    Perpustakaan Kuala Nerang Pinjaman Dewasa 04/11/2025     899.2333 SYA A01889943 04/11/2025   Book
    Perpustakaan Kulim Pinjaman Dewasa 04/11/2025     899.2333 SYA A01889937 04/11/2025   Book
    Perpustakaan Langkawi Pinjaman Dewasa 04/11/2025     899.2333 SYA A01889936 04/11/2025   Book
    Perpustakaan Merbok Pinjaman Dewasa 04/11/2025     899.2333 SYA A01889940 04/11/2025   Book
    Perpustakaan Pendang Pinjaman Dewasa 04/11/2025     899.2333 SYA A01889944 04/11/2025   Book
    Perpustakaan Sik Pinjaman Dewasa 04/11/2025     899.2333 SYA A01889942 04/11/2025   Book
    Perpustakaan Yan Pinjaman Dewasa 04/11/2025     899.2333 SYA A01889941 04/11/2025   Book